000
00357nam a2200145Ia 4500
008
240830s1990 xx 000 0 und d
041
_a
eng
082
_a
0 DUR
100
_a
DURGA PARANJAPE
245
_a
KOUMARBHRTYATANTRA BAL VIDNYANIYA
260
_b
M.V.GRANTH MANDAL , NAGPUR
_c
1990
650
_a
BAL-ROG
906
_a
N.D.
999
_c
1194868
_d
1194868